| 000 | 00394nam a2200145Ia 4500 | ||
|---|---|---|---|
| 008 | 211109s9999||||xx |||||||||||||| ||und|| | ||
| 082 |
_a516 _bCAS-S |
||
| 100 | _aCasey, John | ||
| 245 | 0 | _aSequal to the First Six Book of the Elements of Euclid | |
| 260 |
_bNATIONAL BOOKSTALL _aKottayam _c1980 |
||
| 300 | _a145p. | ||
| 630 | _xGeneral Stack | ||
| 650 |
_aGEOMETRY _xMathematics |
||
| 942 | _cBOOK | ||
| 999 |
_c4327 _d4327 |
||